Comprendre la mecanique quantique

Đã lưu trong:
书目详细资料
主要作者: Omnes, Roland
格式: 图书
语言:Vietnamese
出版: EDP sciences 2000
标签: 添加标签
没有标签, 成为第一个标记此记录!
Thư viện lưu trữ: Mạng thư viện Đại học Đà Nẵng
LEADER 00610nam a2200253 4500
001 000021559
003 18007
005 20150422090455.0
008 150422s2000 viesd
020 |c 00 
041 0 |a vie 
082 1 4 |a 530,12  |b OM-R 
100 1 |a Omnes, Roland 
245 1 0 |a Comprendre la mecanique quantique  |c Roland Omnes 
260 |b EDP sciences  |c 2000 
300 |a tr.  |c cm. 
OWN |a LSP 
999 |a From the UDN01 
TYP |a Monograph 
TYP |a Printed language 
980 |a Mạng thư viện Đại học Đà Nẵng